Statistics for English Football Alliance Clubs

Click here to take the quiz!

General Stats

  • This quiz has been taken 5 times
  • The average score is 6 of 16

Answer Stats

SeasonsClub Name Then% Correct
3Newton Heath
100%
3 *Birmingham St. George's
40%
3Grimsby Town
40%
3Nottingham Forest
40%
3Small Heath
40%
3The Wednesday
40%
3Walsall Town Swifts
40%
2Darwen
40%
1Burton Swifts
40%
1Lincoln City
40%
1Stoke
40%
3Bootle
20%
3Crewe Alexandra
20%
1 *Long Eaton Rangers
20%
2 *Sunderland Albion
0%
1Ardwick
0%

Score Distribution

Percentile by Number Answered

Percent of People with Each Score

Your Score History

You have not taken this quiz